[Event "45th Olympiad 2024"]
[Site "Budapest HUN"]
[Date "2024.09.14"]
[Round "4.82"]
[Board "2"]
[White "Omar, Aden Omar"]
[Black "Abdelaziz Bokhit, Badjoiri"]
[Result "1-0"]
[WhiteElo "1779"]
[BlackElo "1778"]
[PlyCount "77"]
[EventDate "2024.09.11"]
[WhiteTeam "Djibouti"]
[BlackTeam "Chad"]
[WhiteTeamCountry "DJI"]
[BlackTeamCountry "CHD"]

1. e4 e5 2. Nf3 Nc6 3. Bc4 Bc5 4. c3 h6 5. d4 exd4 6. cxd4 Bb6 7. Nc3 d6 8. h3 Nge7 9. O-O O-O 10. Be3 Kh8 $146 ({RR} 10... Na5 11. Bd3 f5 12. a4 d5 13. e5 f4 14. Bd2 Bf5 15. Be2 Be6 16. Bc1 c5 17. Nb5 c4 18. Bd2 Nec6 19. Bc3 Qd7 20. Kh2 a6 21. Na3 Nb3 22. Rb1 Rf7 23. Nc2 Raf8 24. Nb4 a5 25. Nc2 {½-½ Fatyol,I (1951)-Gabric,B (1409) Subotica City-ch 2019 (1)}) ({RR} 10... Ng6 11. Re1 a6 12. a3 Bd7 13. Qd3 Nce7 14. Rad1 Qc8 15. Nd2 c6 16. f4 d5 17. exd5 Bf5 18. Qf1 cxd5 19. Nxd5 Bd8 20. Nxe7+ Bxe7 21. Nf3 Qd7 22. Ne5 Qc8 23. Rc1 Qe8 24. Nxg6 Bxg6 25. f5 {1-0 Nowak,M (1926)-Piechota,J (1323) Poznan op 23rd 2015 (1)}) ({RR} 10... Re8 11. Nh2 Ng6 12. Ng4 Nce7 13. Qf3 Rf8 14. Nd5 Nxd5 15. Bxd5 c6 16. Bb3 Qe7 17. d5 cxd5 18. Bxd5 Be6 19. Rad1 Bxe3 20. fxe3 Rab8 21. Qg3 Bxd5 22. exd5 Rbc8 23. Rc1 Rcd8 24. Rc2 Qg5 25. Qf2 {0-1 Schermuly,S-Baumgarten,K GER-ch U17 Girls 1995 (9)}) 11. Qd2 Ng8 12. Rad1 f5 13. Bd3 Nb4 14. Bb1 fxe4 15. Nxe4 Nd5 16. Ng3 Bxh3 17. Qd3 Ngf6 18. gxh3 Qd7 19. Kg2 Rae8 20. Nh4 Rf7 21. a3 Kg8 22. Ba2 Rfe7 23. Ng6 Re6 24. Nf4 Qc6 25. Kh2 Nxf4 26. Bxf4 d5 27. Nf5 Re4 28. Be5 Qe6 29. Qf3 Rxe5 30. dxe5 Qxe5+ 31. Kh1 Qxb2 32. Bxd5+ Nxd5 33. Qxd5+ Kh7 34. Rg1 Rg8 35. Nxh6 Rf8 36. Qe4+ Kh8 37. Nf7+ Kg8 38. Ng5 Rf6 39. Rd8+ 1-0

[Event "45th Olympiad 2024"]
[Site "Budapest HUN"]
[Date "2024.09.14"]
[Round "4.84"]
[Board "1"]
[White "Kabamwanishi, Mashala"]
[Black "Ayyad, Husain"]
[Result "0-1"]
[WhiteElo "1914"]
[BlackElo "2129"]
[PlyCount "79"]
[EventDate "2024.09.11"]
[WhiteTeam "Democratic Republic of the Congo"]
[BlackTeam "Bahrain"]
[BlackTeamCountry "BHN"]

1. e4 e5 2. Nc3 Nc6 3. Bc4 Nf6 4. d3 Na5 5. a3 Nxc4 6. dxc4 Bc5 7. Qd3 $146 ({RR} 7. Nf3 d6 8. Qd3 h6 9. h3 Be6 10. Na4 O-O 11. Bd2 Nd7 12. g4 a6 13. b3 Ba7 14. Rd1 Qe7 15. Qe2 Rfe8 16. Kf1 Nf8 17. Nc3 c6 18. a4 Rad8 19. Be3 Bxe3 20. fxe3 Ng6 21. Kg2 Rd7 {1-0 Biolek,R (2460)-Van Hoolandt,P (2191) Imperia op 47th 2005 (4)}) ({RR} 7. Nf3 d6 8. Qe2 h6 9. Be3 Bxe3 10. Qxe3 b6 11. O-O-O Be6 12. Nxe5 Qc8 13. Nf3 O-O 14. b3 Re8 15. Nd4 a6 16. f3 Nd7 17. g4 Nc5 18. Rhg1 Kh7 19. f4 b5 20. f5 Bd7 21. g5 Bxf5 {1-0 Dubov,D (2707)-Oparin,G (2676) Chess.com Classic Play-In 2024 (8.7)}) ({RR} 7. Nf3 d6 8. h3 h6 9. Qe2 c6 10. Be3 Bxe3 11. Qxe3 O-O 12. g4 d5 13. exd5 cxd5 14. O-O-O e4 15. Nxe4 Nxe4 16. Rxd5 Qb6 17. Qxe4 Qxf2 18. Nd4 b6 19. Rd1 Ba6 20. Nf5 Rae8 21. Qd4 Qxd4 {½-½ Janev,E (2405)-Van Hoolandt,P (2237) Cutro op 10th 2004 (6)}) ({RR} 7. Nf3 d6 8. O-O a6 9. Qe2 Be6 10. b3 Qe7 11. Be3 Bxe3 12. Qxe3 O-O 13. Nh4 c6 14. a4 Rad8 15. Rad1 d5 16. exd5 cxd5 17. Qxe5 Ng4 18. Qg3 dxc4 19. bxc4 Qc5 20. h3 Nf6 21. Nf3 Qxc4 {1-0 Strikovic,A (2490)-Howell,J (2440) Seville op 1989}) 7... O-O 8. Be3 Bxe3 9. Qxe3 d6 10. Nge2 Be6 11. b3 Ng4 12. Qd3 f5 13. f3 Nh6 14. exf5 Nxf5 15. Ne4 Qe7 16. O-O c6 17. N2g3 Rad8 18. Nxf5 Bxf5 19. Qe3 d5 20. cxd5 cxd5 21. Nd2 d4 22. Qe2 d3 23. cxd3 Bxd3 24. Qe3 Bxf1 25. Kxf1 Qd7 26. Ke2 Qb5+ 27. Nc4 e4 28. Kf2 exf3 29. gxf3 Rde8 30. Qd3 Qc5+ 31. Kg2 b5 32. Nd2 Qg5+ 33. Kh1 Rd8 34. Ne4 Rxd3 35. Nxg5 Rxb3 36. Kg2 h6 37. Ne6 Rfxf3 38. Nd4 Rxa3 39. Rb1 Rfd3 40. Nxb5 0-1

[Event "45th Olympiad 2024"]
[Site "Budapest HUN"]
[Date "2024.09.14"]
[Round "4.84"]
[Board "3"]
[White "Kasongo Kazadi Olivier"]
[Black "Monther, Alfardan"]
[Result "0-1"]
[WhiteElo "1794"]
[BlackElo "1834"]
[PlyCount "72"]
[EventDate "2024.09.11"]
[WhiteTeam "Democratic Republic of the Congo"]
[BlackTeam "Bahrain"]
[BlackTeamCountry "BHN"]

1. d4 d5 2. Bf4 Nf6 3. e3 e6 4. Nf3 Bd6 5. Bg3 c5 6. c3 O-O 7. Bd3 Nc6 8. Nbd2 c4 9. Bc2 b5 10. a3 Qc7 $146 ({RR} 10... Bb7 11. Bh4 Be7 12. Qe2 a5 13. O-O g6 14. e4 Nxe4 15. Bxe7 Nxe7 16. Nxe4 dxe4 17. Bxe4 Bxe4 18. Qxe4 Qd5 19. Qh4 Nf5 20. Qf6 Qd8 21. Qe5 Qd5 22. Rfe1 Rfe8 23. Qxd5 exd5 24. Ne5 Rac8 25. Nd7 {1-0 Bold,A (2215)-Baruch,L (1860) Titled Tue 2nd Jul Early 2024 (11)}) ({RR} 10... a5 11. e4 dxe4 12. Nxe4 Nxe4 13. Bxe4 Bb7 14. a4 b4 15. Bxd6 Qxd6 16. O-O h6 17. Qe2 f5 18. Bxc6 Bxc6 19. Ne5 Bd5 20. Nxc4 Qa6 21. b3 bxc3 22. Rfc1 Rab8 23. Rxc3 Rxb3 24. Rxb3 Bxc4 25. Qc2 {½-½ Kamsky,G (2665)-Demin,V (2430) Titled Tuesday intern op 11th May blitz 2021 (10)}) ({RR} 10... a5 11. e4 dxe4 12. Nxe4 Nxe4 13. Bxe4 Bb7 14. Qe2 Qc7 15. Bxh7+ Kh8 16. Bc2 f5 17. O-O Bxg3 18. hxg3 Rf6 19. Rfe1 Nd8 20. Ne5 Nc6 21. a4 Nxe5 22. dxe5 Rh6 23. axb5 Kh7 24. Rad1 Rh8 25. Rd6 {1-0 Degiorgis,G-Melekhov,A (1471) Minsk Kupreichik Memorial rapid 2019 (8)}) ({RR} 10... a5 11. Ne5 Bb7 12. O-O b4 13. Ba4 Bxe5 14. Bxe5 bxc3 15. bxc3 Nxe5 16. dxe5 Nd7 17. Bxd7 Qxd7 18. Nf3 Rab8 19. Nd4 Bc6 20. h4 Ba4 21. Qg4 Rb2 22. h5 h6 23. Qf4 Rfb8 24. g4 Qe7 25. Kg2 {1-0 He,A (2337)-Yang,C (2139) RBI op Qualifier 2 blitz 2020 (5)}) 11. Bh4 Be7 12. Qb1 h6 13. h3 Ne8 14. g4 Bxh4 15. Nxh4 e5 16. g5 hxg5 17. Nhf3 e4 18. Nxg5 f6 19. Ngxe4 dxe4 20. Bxe4 f5 21. Bf3 Nf6 22. d5 Ne5 23. d6 Nxf3+ 24. Nxf3 Qc6 25. Ke2 Qxd6 26. Nd4 Qe5 27. Nc6 Qd6 28. Nd4 Ne4 29. Qg1 f4 30. Rd1 fxe3 31. Nf5 Qf6 32. Nxe3 Qf3+ 33. Ke1 Nxf2 34. Qg5 Qxh1+ 35. Ke2 Qf3+ 36. Ke1 Nxd1 0-1

[Event "45th Olympiad 2024"]
[Site "Budapest HUN"]
[Date "2024.09.14"]
[Round "4.85"]
[Board "1"]
[White "Enemchukwu Chinedu Benjamin"]
[Black "Hamperl, Fred"]
[Result "1-0"]
[WhiteElo "2001"]
[BlackElo "1977"]
[PlyCount "57"]
[EventDate "2024.09.11"]
[WhiteTeam "Saint Vincent and the Grenadines"]
[BlackTeam "Guernsey"]

1. e4 c5 2. d4 cxd4 3. c3 dxc3 4. Nxc3 Nc6 5. Nf3 e6 6. Bf4 Bb4 7. Bd3 d6 $146 ({RR} 7... Nge7 8. e5 Nd5 9. Bd2 Bxc3 10. bxc3 Qc7 11. Qe2 d6 12. exd6 Qxd6 13. Rd1 Bd7 14. O-O O-O-O 15. Bb5 Qc5 16. c4 Nf6 17. Be3 Qa3 18. Rd3 Qa5 19. Rfd1 a6 20. Bd2 Qc7 21. Ba4 Ne7 22. Bxd7+ {½-½ Burke,P-Ram,J (1816) Titled Tue 2nd Apr Late 2024 (9)}) ({RR} 7... Nge7 8. O-O O-O 9. a3 Bxc3 10. bxc3 d5 11. e5 Ng6 12. Bg3 f5 13. exf6 Qxf6 14. c4 dxc4 15. Bxc4 Kh8 16. Re1 e5 17. Bd5 Bg4 18. h3 Bh5 19. Qb3 Bxf3 20. Qxf3 Nd4 21. Qxf6 gxf6 22. Bxb7 {0-1 Theodorou,N (2561)-So,W (2778) American Cup Blitz 2022 (1)}) ({RR} 7... Nge7 8. O-O Bxc3 9. bxc3 d5 10. e5 Ng6 11. Bg3 O-O 12. h4 f5 13. exf6 Qxf6 14. h5 Nf4 15. Bxf4 Qxf4 16. Qc2 h6 17. Rfe1 e5 18. Bh7+ Kh8 19. Nh2 Bf5 20. Bxf5 Qxf5 21. Qxf5 Rxf5 22. Rab1 {0-1 Cossette,D (2010)-MacIsaac,A (1675) Gatineau CEH 31 Aniv-B 2010 (5)}) ({RR} 7... Nf6 8. O-O d5 9. e5 Nd7 10. Rc1 O-O 11. Bxh7+ Kxh7 12. Ng5+ Kg6 13. Qd3+ f5 14. Nxe6 {1-0 Theodorou,N (2561)-Lewtak,D (2381) Titled Tuesday intern op 29th Mar Late blitz 2022 (2)}) 8. O-O Bxc3 9. bxc3 e5 10. Be3 Nf6 11. h3 h6 12. Nh2 Be6 13. c4 b6 14. f4 exf4 15. Bxf4 Ne5 16. Qe2 Qc7 17. Rac1 Rc8 18. c5 bxc5 19. Bb5+ Bd7 20. Nf3 O-O 21. Ba6 Rcd8 22. Nxe5 dxe5 23. Bxh6 Qc6 24. Bg5 Nxe4 25. Bxd8 Ng3 26. Qxe5 Nxf1 27. Be7 Re8 28. Bxf1 Be6 29. Qxc5 1-0

[Event "45th Olympiad 2024"]
[Site "Budapest HUN"]
[Date "2024.09.14"]
[Round "4.85"]
[Board "3"]
[White "Schneider, James U"]
[Black "Brookfield, Toby"]
[Result "0-1"]
[WhiteElo "1486"]
[BlackElo "1872"]
[PlyCount "38"]
[EventDate "2024.09.11"]
[WhiteTeam "Saint Vincent and the Grenadines"]
[BlackTeam "Guernsey"]

1. e4 c5 2. Nc3 d6 3. Nf3 Nf6 4. Be2 Nc6 5. d4 cxd4 6. Nxd4 g6 7. Be3 Bg7 8. f3 O-O 9. Qd2 d5 10. Nxc6 bxc6 11. Rd1 Be6 12. O-O ({RR} 12. Bh6 Bxh6 13. Qxh6 Qb6 14. b3 dxe4 15. Nxe4 Nxe4 16. fxe4 Rad8 17. Bd3 Qa5+ 18. Qd2 Qxa2 19. Qc3 Bg4 20. Rc1 Qa3 21. Ra1 Qd6 22. Rxa7 Qf4 23. Qd2 Qf6 24. Qf2 Qc3+ 25. Qd2 Qc5 26. Qf2 Rd4 {0-1 Huynh,K (1287)-Batbold,N (1669) Eastern Asia-ch U16 2021 (4)}) 12... Qc7 13. a3 $146 ({RR} 13. exd5 cxd5 14. Na4 Bf5 15. Nc5 Rfd8 16. c3 e5 17. b4 d4 18. cxd4 exd4 19. Bg5 a5 20. Rc1 axb4 21. Qxb4 Qa7 22. Kh1 Qxa2 23. Bc4 Qa7 24. g4 Bc8 25. Ne4 Nd5 26. Qe1 Be6 27. Qh4 Rdc8 {0-1 Nikolic,V (2285)-Dezelin,M (2318) SRB-chT2 East 2008 (2.3)}) ({RR} 13. Qc1 Rfd8 14. e5 Nd7 15. f4 Nb6 16. g4 Bc8 17. Bc5 Re8 18. Qe3 Nd7 19. Ba3 Qb6 20. Kf2 g5 21. fxg5 Nxe5 22. h3 Nxg4+ 23. hxg4 d4 24. Qe4 dxc3+ 25. Kg2 Be6 26. Bc4 Bd5 27. Bxd5 cxd5 {0-1 Zamfir,F (1856)-Kruckenhauser,A (2012) AUT-ch U16 Sankt Veit an der Glan 2019 (1)}) 13... dxe4 14. fxe4 Ng4 15. Bf4 Qb6+ 16. Kh1 Nf2+ 17. Kg1 Nh3+ 18. Kh1 Qg1+ 19. Rxg1 Nf2# 0-1

[Event "45th Olympiad 2024"]
[Site "Budapest HUN"]
[Date "2024.09.14"]
[Round "4.86"]
[Board "2"]
[White "Stetsenko, Ilya"]
[Black "Heim, Colin Peter"]
[Result "1-0"]
[WhiteElo "1903"]
[BlackElo "1751"]
[PlyCount "43"]
[EventDate "2024.09.11"]
[WhiteTeam "Aruba"]
[BlackTeam "US Virgin Islands"]
[WhiteTeamCountry "ARN"]

1. Nf3 d5 2. e3 Nf6 3. c4 e6 4. b3 c5 5. Bb2 Be7 6. Be2 Nc6 7. cxd5 exd5 8. d4 O-O 9. O-O b6 10. Nc3 cxd4 ({RR} 10... Bg4 11. dxc5 bxc5 12. Rc1 Rc8 13. Na4 Ne4 14. Nd2 Bxe2 15. Qxe2 Nxd2 16. Qxd2 c4 17. bxc4 dxc4 18. Qxd8 Rfxd8 19. Rxc4 Nb4 20. Rxc8 Rxc8 21. Bd4 Nxa2 22. Bxa7 h5 23. g3 Kh7 24. Bd4 Rc1 25. Rxc1 {½-½ Buscher,M (2304)-Mollema,T (2241) Dutch League 2023-24 (6.7)}) 11. Nxd4 Nxd4 12. Qxd4 Bc5 13. Qd3 $146 ({RR} 13. Qf4 Bd6 14. Qh4 Bb7 15. Rad1 Rc8 16. Nb5 Be7 17. Bd3 g6 18. Qh6 Nh5 19. Ba3 Bxa3 20. Nxa3 f5 21. Nb5 Qe7 22. Nd4 Nf6 23. Qg5 Kh8 24. h4 Qe5 25. g3 Rc3 26. Rfe1 a6 27. Bb1 Rfc8 {1-0 Orso,M (2330)-Taskovits,I (2220) HUN-chT2 9394 1993}) ({RR} 13. Qh4 Ne4 14. Qxd8 Rxd8 15. Rfd1 Bb7 16. Nb5 Ba6 17. Kf1 Bb4 18. Nc7 Bxe2+ 19. Kxe2 Bc3 20. Nxa8 Bxb2 21. Nc7 Nc3+ 22. Kf1 Bxa1 23. Rxa1 Rd7 24. Na6 f5 25. Rc1 Ne4 26. Rc8+ Kf7 27. Nb8 Nd6 {1-0 Bleul,K-Delander,A GER-ch45 Kandidatenturnier04 1959 (11)}) 13... Bb7 14. Rfd1 Qd7 15. Bf3 Rad8 16. Ne2 Ne8 17. Nf4 Nc7 18. Qc3 f6 19. b4 Nb5 20. Qb3 Be7 21. Bxd5+ Bxd5 22. Rxd5 1-0

[Event "45th Olympiad 2024"]
[Site "Budapest HUN"]
[Date "2024.09.14"]
[Round "4.86"]
[Board "4"]
[White "Antonio, Kyell-Jean"]
[Black "Smith, Michael ISV"]
[Result "1-0"]
[WhiteElo "1763"]
[BlackElo "1718"]
[PlyCount "69"]
[EventDate "2024.09.11"]
[WhiteTeam "Aruba"]
[BlackTeam "US Virgin Islands"]
[WhiteTeamCountry "ARN"]

1. e4 e6 2. d3 d5 3. Nd2 Bd6 4. g3 ({RR} 4. Qg4 Bf8 5. Qe2 Nc6 6. c3 Nge7 7. Ngf3 g6 8. h4 h6 9. e5 a5 10. d4 b6 11. Qd1 Bg7 12. h5 g5 13. Nh2 Qd7 14. a4 f5 15. exf6 Bxf6 16. Ng4 Bg7 17. Nf3 O-O 18. Bb5 Ba6 {½-½ Davies,N (2450)-Chernin,A (2560) Saint John op-2 1988}) 4... d4 $146 ({RR} 4... Ne7 5. Bg2 Nd7 6. Ngf3 O-O 7. O-O c6 8. Re1 Nb6 9. Nf1 Bd7 10. h4 Ng6 11. e5 Bc7 12. h5 Ne7 13. h6 g6 14. Bg5 Qe8 15. Qd2 f6 16. Bxf6 Bd8 17. Bg7 Nf5 18. Bxf8 Qxf8 19. Qf4 {1-0 Buckan,J-Laux,P GER-chT U13 Germany 1997 (1)}) ({RR} 4... Ne7 5. Bg2 f6 6. Ne2 O-O 7. O-O c5 8. c3 Nbc6 9. f4 Kh8 10. Nf3 Rb8 11. Kh1 b5 12. Qe1 b4 13. Neg1 a5 14. e5 Bc7 15. exf6 gxf6 16. c4 Nf5 17. Ne2 d4 18. g4 Nfe7 19. Qh4 {1-0 Wieczorek,Z (2107)-Malek,O (2032) Titled Tue 19th Dec Late 2023 (3)}) ({RR} 4... Ne7 5. Bg2 d4 6. Nh3 e5 7. O-O Bxh3 8. Bxh3 Ng6 9. Nc4 Nc6 10. Nxd6+ Qxd6 11. f4 exf4 12. gxf4 Nge7 13. Bd2 f5 14. Qe2 O-O 15. a3 a5 16. Rf2 Rae8 17. Qf3 Qc5 18. Rc1 Qd6 19. Kh1 {1-0 Glur,E (1978)-Spoerri,M Ascona Seniors op 4th 2005}) ({RR} 4... Nd7 5. Bg2 c6 6. Ngf3 Ne7 7. O-O O-O 8. Re1 Ng6 9. Nf1 Qc7 10. h4 Re8 11. N1h2 Nc5 12. Ng4 Rd8 13. e5 Be7 14. d4 Nd7 15. h5 Ngf8 16. h6 Ng6 17. hxg7 Kxg7 18. Bh6+ Kg8 19. Qd2 {1-0 Camacho Collados,M-Jimenez Serna,A ESP-ch U10 Oropesa del Mar 2001 (2.6)}) 5. Ngf3 e5 6. Bg2 Nf6 7. O-O b5 8. Nxd4 Bg4 9. N4f3 c5 10. h3 Bd7 11. Nh4 O-O 12. Nf5 Be6 13. f4 Nc6 14. Nxd6 Qxd6 15. f5 Bd7 16. g4 h6 17. h4 Nh7 18. Nf3 Nd4 19. g5 hxg5 20. Nxg5 Nf6 21. c3 Nc6 22. Qf3 b4 23. Nh3 Rab8 24. Rf2 Bc8 25. Bf1 a5 26. Rg2 Kh8 27. Be2 Rg8 28. Qe3 Ba6 29. Nf2 Ne7 30. Qg5 Bb7 31. Ng4 Nh7 32. Qh5 g6 33. fxg6 Qxg6 34. Qxe5+ Nf6 35. Qxe7 1-0

[Event "45th Olympiad 2024"]
[Site "Budapest HUN"]
[Date "2024.09.14"]
[Round "4.87"]
[Board "2"]
[White "Lesbros, Bernard"]
[Black "Potter, Simon"]
[Result "1-0"]
[WhiteElo "1938"]
[BlackElo "1663"]
[PlyCount "45"]
[EventDate "2024.09.11"]
[WhiteTeam "Senegal"]
[BlackTeam "British Virgin Islands"]
[WhiteTeamCountry "SEN"]
[BlackTeamCountry "IVB"]

1. Nf3 Nf6 2. c4 d6 3. d4 Bg4 4. Qb3 b6 ({RR} 4... Bxf3 5. gxf3 Qc8 6. f4 g6 7. Nc3 Bh6 8. Bg2 Nc6 9. d5 Nb8 10. h4 Nbd7 11. Bf3 Bg7 12. h5 Nxh5 13. Bxh5 gxh5 14. f3 Rg8 15. Be3 Bxc3+ 16. Qxc3 Nf6 17. Qd3 Qd7 18. Bd4 Rg6 19. a3 {1-0 LCZero0.31-dag-5350a2e-BT4-61 (3634)-Stockfishdev-20240513-e608eab (3662) TCEC 26 Superfinal 2024 (85.1)}) 5. g3 Bxf3 ({RR} 5... c5 6. Bg2 Nbd7 7. O-O Rc8 8. Rd1 Qc7 9. Nc3 cxd4 10. Rxd4 e5 11. Nd5 Qc5 12. Rd3 Nxd5 13. cxd5 Qc7 14. Qa4 Qb7 15. Qxg4 h5 16. Qa4 b5 17. Qd1 e4 18. Re3 f5 19. Nh4 Nf6 20. Nxf5 {1-0 Eljanov,P (2672)-Dowgird,F (2348) Titled Tue 23rd Jul Early 2024 (6)}) 6. Qxf3 $146 ({RR} 6. exf3 e5 7. dxe5 dxe5 8. Qb5+ Nbd7 9. Bg2 Rc8 10. O-O a5 11. f4 Bd6 12. fxe5 Bxe5 13. Rd1 O-O 14. Bg5 c6 15. Qb3 Qc7 16. f4 Bd6 17. Bh3 Rce8 18. Nc3 Bc5+ 19. Kh1 Re3 20. f5 Rf3 {½-½ Estopanan Olivan,A-Valladolid Martin,L Zaragoza La Salle op 1995 (6)}) 6... d5 7. Nc3 c6 8. Bg5 h6 9. Bxf6 gxf6 10. cxd5 Qd6 11. dxc6 Nxc6 12. e3 Rc8 13. Bb5 Kd8 14. O-O Bg7 15. Rac1 e6 16. Ba6 Rb8 17. Nb5 Qd5 18. Qxd5+ exd5 19. Rxc6 Ra8 20. Rfc1 Ke7 21. Rc7+ Kd8 22. Nd6 Rf8 23. Bb5 1-0

[Event "45th Olympiad 2024"]
[Site "Budapest HUN"]
[Date "2024.09.14"]
[Round "4.89"]
[Board "4"]
[White "Lhundrup M Dorji"]
[Black "Lompo, Boammani Aser"]
[Result "1-0"]
[WhiteElo "1715"]
[BlackElo "1567"]
[PlyCount "37"]
[EventDate "2024.09.11"]
[WhiteTeam "Bhutan"]
[BlackTeam "Burkina Faso"]
[WhiteTeamCountry "BTN"]
[BlackTeamCountry "BUR"]

1. e4 c6 2. d4 d5 3. exd5 cxd5 4. Bd3 Nc6 5. c3 Nf6 6. h3 e6 7. Bf4 Bd6 8. Bxd6 Qxd6 9. Nf3 Bd7 ({RR} 9... O-O 10. O-O Bd7 11. Nbd2 a6 12. Re1 b5 13. b4 Qf4 14. Nb3 Ne4 15. Qc1 Qxc1 16. Rexc1 f5 17. Nc5 Nxc5 18. bxc5 Rfe8 19. Re1 b4 20. c4 dxc4 21. Bxc4 Na5 22. Bb3 Nxb3 23. axb3 Bc6 24. Ne5 {½-½ Kiefhaber,V (2215)-Grund,H (2335) Hofmann Cup Baden-Baden rapid 1995 (1)}) 10. Nbd2 ({RR} 10. O-O O-O-O 11. Nbd2 h6 12. b4 e5 13. b5 Nxd4 14. cxd4 e4 15. Ne5 exd3 16. Nxf7 Qf4 17. Nxh8 Rxh8 18. a4 g5 19. Nf3 g4 20. Qc1+ Qxc1 21. Raxc1+ Kd8 22. Ne5 Rg8 23. hxg4 Bxg4 24. f3 Bf5 {1-0 Gonzalez Mompie,R (2070)-Mendoza Novo,G (1865) 57th Capablanca Mem Open 2024 (4.53)}) 10... Kd8 $146 ({RR} 10... a6 11. O-O O-O 12. Nb3 Rfc8 13. Qe2 h6 14. Nc5 Qc7 15. Rfc1 Be8 16. b4 a5 17. b5 Nd8 18. a4 b6 19. Nb3 Qe7 20. c4 dxc4 21. Bxc4 Kf8 22. Rd1 Nb7 23. Nbd2 Nd6 24. Ne5 Rc7 25. Qf3 {½-½ Sauer,J (1567)-Meiwes,T (1646) Hannover Bezirk-ch U16 2017 (6.1)}) ({RR} 10... O-O 11. O-O Rfc8 12. Re1 Rab8 13. a4 Na5 14. Qe2 Rc7 15. b4 Nc6 16. Nb3 b6 17. b5 Nd8 18. Qb2 Rbc8 19. Rac1 Nb7 20. Ne5 Qf8 21. Re3 Nd6 22. Nxd7 Nxd7 23. Nd2 Nf6 24. Re5 Nb7 25. Nb3 {½-½ Runde,P (1215)-Brekke,J (1191) Molde 2004 (8)}) ({RR} 10... O-O 11. O-O Rfc8 12. Re1 Ne7 13. Ne5 Rab8 14. Qf3 Qb6 15. Bxh7+ Kxh7 16. Nxd7 Nxd7 17. Qxf7 Qd8 18. Rxe6 Ng8 19. Qh5+ Nh6 20. Qxd5 Nf6 21. Qe5 Qd5 22. Rxf6 Qxe5 23. Rxh6+ Kxh6 24. dxe5 Rc5 25. Re1 {1-0 Hajdu,I (2195)-Toth,G (2160) Nyiregyhaza op 1998 (7)}) 11. O-O e5 12. dxe5 Nxe5 13. Nxe5 Qxe5 14. Nf3 Qf4 15. Re1 h6 16. Ne5 Be6 17. Qb3 Kc7 18. g3 Qg5 19. Nxf7 1-0

[Event "45th Olympiad 2024"]
[Site "Budapest HUN"]
[Date "2024.09.14"]
[Round "4.90"]
[Board "3"]
[White "Abdou, Mohamed"]
[Black "Mbongeni, Mabuza"]
[Result "1/2-1/2"]
[WhiteElo "1782"]
[BlackElo "1784"]
[PlyCount "60"]
[EventDate "2024.09.11"]
[WhiteTeam "Comoros Islands"]
[BlackTeam "Eswatini"]

1. d4 Nf6 2. Bf4 d5 3. e3 e6 4. Nf3 Bd6 5. Bg3 O-O 6. Bd3 c5 7. c3 Nc6 8. Nbd2 a6 9. e4 $146 ({RR} 9. Ne5 cxd4 10. exd4 Qc7 11. Ndf3 Ne4 12. Nxc6 bxc6 13. Bxe4 dxe4 14. Bxd6 Qxd6 15. Nd2 f5 16. O-O c5 17. dxc5 Qxc5 18. Nb3 Qc7 19. Qe2 Bb7 20. Rfd1 f4 21. Rd4 f3 22. Qc4 Qe5 23. Rd7 Bd5 {0-1 Barbosa,F (1886)-Goncalves,M (1580) Florianopolis op 5th 2019 (4)}) ({RR} 9. Qe2 b5 10. Rd1 c4 11. Bb1 b4 12. e4 bxc3 13. bxc3 Be7 14. e5 Nd7 15. h4 Qa5 16. Bxh7+ Kxh7 17. Ng5+ Bxg5 18. hxg5+ Kg8 19. Qh5 f5 20. g6 Qxc3 21. Qh7# {1-0 Panda,S (2404)-Subramanian,A (2013) Titled Tue 16th Jan Early 2024 (3)}) ({RR} 9. a4 Qe7 10. Ne5 Bxe5 11. dxe5 Nd7 12. f4 f6 13. O-O b6 14. Qe2 Bb7 15. Nf3 c4 16. Bc2 b5 17. Nd4 b4 18. Bh4 b3 19. Bb1 Qe8 20. exf6 Nxf6 21. e4 Nxd4 22. cxd4 Nxe4 23. Bxe4 dxe4 {½-½ Rackowiak,H (1987)-Schilling,R (1744) Potsdam Christmas 34th 2009 (5.15)}) ({RR} 9. O-O b5 10. Qe2 c4 11. Bc2 b4 12. e4 Bxg3 13. hxg3 g6 14. e5 Ne8 15. Qe3 Kg7 16. Nh2 h5 17. Ndf3 Rb8 18. g4 Rh8 19. g3 bxc3 20. bxc3 Rb2 21. Qc1 Rb8 22. Kg2 Nc7 23. Rh1 Nb5 {1-0 Chudinovskikh,A (2221)-Isayeva,E (1832) Liberec op 17th 2017 (4)}) 9... dxe4 10. Nxe4 Nxe4 11. Bxe4 f5 12. Bxc6 bxc6 13. Be5 cxd4 14. Qxd4 Bxe5 15. Qxe5 Qb6 16. Rb1 c5 17. O-O Bb7 18. Ng5 Bd5 19. b3 Qc6 20. f3 c4 21. b4 f4 22. Nh3 Rf5 23. Qe2 Re8 24. Rfe1 e5 25. Nf2 e4 26. fxe4 Bxe4 27. Rbd1 Rfe5 28. Nxe4 Rxe4 29. Qd2 Qb6+ 30. Kh1 Qe6 1/2-1/2

[Event "45th Olympiad 2024"]
[Site "Budapest HUN"]
[Date "2024.09.14"]
[Round "4.91"]
[Board "1"]
[White "Ferguson, Joseph"]
[Black "El, Rozak"]
[Result "1-0"]
[WhiteElo "1797"]
[BlackElo "1514"]
[PlyCount "117"]
[EventDate "2024.09.11"]
[WhiteTeam "Bahamas"]
[BlackTeam "Cambodia"]
[WhiteTeamCountry "BAH"]
[BlackTeamCountry "CMB"]

1. f4 d5 2. Nf3 g6 3. e3 Nf6 4. b3 Bg7 5. Bb2 Bg4 6. Be2 O-O 7. O-O c6 ({RR} 7... a5 8. a4 c6 9. d3 Nbd7 10. Ne5 Bxe2 11. Qxe2 Ne8 12. Nxd7 Bxb2 13. Ra2 Qxd7 14. Rxb2 Nd6 {½-½ Malaniuk,V (2563)-Miroshnichenko,E (2696) Zuerich Jubilee op 2009 (7)}) ({RR} 7... Bxf3 8. Bxf3 Nbd7 9. c4 c6 10. Nc3 dxc4 11. bxc4 e5 12. d4 exf4 13. exf4 Qc7 14. g3 Rfd8 15. Qb3 Nf8 16. Rfd1 Ne6 17. Ne2 Rd7 18. Rac1 Qa5 19. Bc3 Qf5 20. d5 cxd5 21. cxd5 Nf8 22. Kg2 {1-0 Stanciu,A (1851)-Obada,E (2106) ch-ROU Women 2023 (9.5)}) 8. Ng5 $146 ({RR} 8. c4 Qb6 9. Nc3 Nbd7 10. cxd5 cxd5 11. h3 Bxf3 12. Bxf3 e6 13. Rc1 Rfc8 14. Na4 Qa5 15. Bd4 Ne8 16. Bxg7 Nxg7 17. Rc2 Nf5 18. Qb1 b5 19. Nc5 Nxc5 20. b4 Qb6 21. Rfc1 a5 22. Rxc5 Rxc5 {0-1 Heyken,E (2450)-Hansen,L (2540) Elekes Memorial 1989}) ({RR} 8. d3 Nbd7 9. Nbd2 Ne8 10. Bxg7 Nxg7 11. Ng5 Bxe2 12. Qxe2 e6 13. Kh1 Qe7 14. Qg4 Nf6 15. Qh4 Nf5 16. Qh3 h6 17. e4 hxg5 18. fxg5 Nh7 19. exf5 Nxg5 20. f6 {1-0 Ferguson,J (1732)-Whyms,C (1623) BAH-ch Nassau 2010 (3)}) ({RR} 8. Ne5 Bxe2 9. Qxe2 Nfd7 10. c4 Nxe5 11. fxe5 Nd7 12. d4 e6 13. Nd2 f6 14. e4 fxe5 15. exd5 exd5 16. cxd5 cxd5 17. dxe5 Re8 18. Qf3 Nxe5 19. Bxe5 Bxe5 20. Rad1 Rf8 21. Qxf8+ Qxf8 22. Rxf8+ Rxf8 {0-1 Karwowski,K (2229)-Tomaszewski,R (2186) Titled Tuesday intern op 13th Oct blitz 2020 (10)}) ({RR} 8. h3 Bxf3 9. Bxf3 Nbd7 10. Qe2 Qc7 11. d4 e6 12. Nd2 Rfd8 13. c4 Nf8 14. g4 h6 15. Bg2 N8h7 16. a4 a5 17. Rac1 Bf8 18. c5 Bg7 19. h4 Re8 20. Bf3 g5 21. Qh2 Red8 22. Kg2 Rac8 {1-0 Sobol,A (2162)-Kuznetsov,F (1981) RUS-ch Seniors 2008 (2)}) 8... Bxe2 9. Qxe2 Nbd7 10. d3 Re8 11. Nd2 a5 12. a4 h6 13. Ngf3 Qc7 14. Ne5 Nc5 15. Ba3 Na6 16. Rab1 Rad8 17. Ng4 Nh7 18. Bb2 Bxb2 19. Rxb2 Kg7 20. Qf2 Qb6 21. f5 Rf8 22. f6+ exf6 23. Nxf6 Qc5 24. c4 Nb4 25. d4 Qe7 26. Nxh7 Kxh7 27. Qe2 f5 28. Nf3 c5 29. Ne5 cxd4 30. exd4 Nc6 31. Nxc6 Qxe2 32. Rxe2 bxc6 33. Re7+ Kg8 34. Re6 Kf7 35. Rxc6 dxc4 36. Rxc4 Rd5 37. b4 axb4 38. Rxb4 Rfd8 39. Rd1 Kf6 40. Kf2 f4 41. Kf3 Kf5 42. Rb5 g5 43. g4+ fxg3 44. hxg3 h5 45. Rdb1 Ke6 46. Rxd5 Rxd5 47. Ke4 Ra5 48. Rb5 Rxa4 49. Rxg5 Ra3 50. Kf4 Rd3 51. d5+ Rxd5 52. Rxd5 Kxd5 53. Kg5 Ke6 54. Kxh5 Kf7 55. Kh6 Kg8 56. Kg6 Kh8 57. g4 Kg8 58. g5 Kh8 59. Kf7 1-0